Statistics for Provinces of the Dominican Republic on a Map

Click here to take the quiz!

General Stats

  • This quiz has been taken 2,371 times
  • The average score is 18 of 32

Answers on the Map

Answers color-coded by a green-red scale on the quiz's map according to % correct below.
 

Answer Stats

Provinces% Correct
Distrito Nacional*
91%
Santo Domingo
90%
Santiago
77%
Puerto Plata
66%
Samaná
66%
La Romana
65%
San Juan
65%
Azua
64%
La Altagracia
61%
Monte Cristi
61%
La Vega
60%
San Cristóbal
59%
Barahona
58%
Dajabón
56%
Independencia
55%
Monte Plata
55%
Pedernales
55%
Duarte
53%
El Seibo
53%
San Pedro de Macorís
53%
Santiago Rodríguez
53%
Elías Piña
52%
Hato Mayor
52%
Hermanas Mirabal
52%
Baoruco
51%
Espaillat
49%
Peravia
49%
Valverde
48%
María Trinidad Sánchez
45%
San José de Ocoa
45%
Monseñor Nouel
43%
Sánchez Ramírez
42%

Score Distribution

Percentile by Number Answered

Percent of People with Each Score

Your Score History

You have not taken this quiz